00460nam a2200145Ia 4500008004100000020001800041100002700059245004900086260001200135500002400147650003500171942000700206952008400213999001700297230524s9999 xx 000 0 und d a9788131729311 aJon M. Huntsman936660 0aWinners Never Cheat: Even in Difficult Times bPearson aQuantity Number: 1 aPersonality Development936661 cBK 00104070aTATCLbTATCLcGENd2023-05-24l0p44993r2023-05-24w2023-05-24yBK c50691d50691